Afrikan 10 suosituinta matkailumaata - Statistics

Yleistilastot
  • Tätä visaa on pelattu 1 239 kertaa
    593 viimeisimmän päivityksen jälkeen
  • Keskiarvotulos 6 / 10
Vastaustilastot
Matkailijoita Valtio % Oikein
14,9 milj. Egypti
100%
8,48 milj. Etelä-Afrikka
96%
14,5 milj. Marokko
95%
2,20 milj. Algeria
78%
9,38 milj. Tunisia
77%
1,81 milj. Tansania
69%
1,30 milj. Mauritius
41%
1,30 milj. Uganda
37%
2,07 milj. Norsunluurannikko
28%
1,60 milj. Zimbabwe
27%
Ehtoja vastaavia visoja ei löytynyt
Tulosjakauma
Jokaisen tuloksen saaneiden osuus
Persentiili vastausten määrän mukaan
Tuloshistoriasi
Et ole pelannut tätä visaa sen viimeisimmän päivityksen jälkeen